| 000 | 00380nam a2200157Ia 4500 | ||
|---|---|---|---|
| 008 | 230312s9999||||xx |||||||||||||| ||und|| | ||
| 020 | _a81-7366-161-8 | ||
| 082 |
_a005.133 _bWIL-B |
||
| 100 | _aWilton Paul | ||
| 245 | 0 | _aBeginning Java Script | |
| 260 |
_bWROX _aUK _c2001 |
||
| 300 | _a1016 | ||
| 546 | _aEng. | ||
| 650 |
_aComputer _vTypes of Data in Java Script |
||
| 942 | _cBK | ||
| 999 |
_c3103 _d3103 |
||